01205 2200337 4500001002100000005001500021035002000036007000300056008004100059020003800100020003200138040002200170082001500192084001700207090002200224100005000246245019800296300005400494650004400548700003900592700003500631850001200666264003000678336002100708337003000729338002300759999002200782250001200804504002900816990002200845INLIS00000000088677820240522011158 a0010-0524000609ta210924s2023 yoia d ind d a978-623-01-3517-0 (Jilid lengkap) a978-623-01-3517-0 (Jilid 2) aYOPDYOGbinderda04223a690.07 a690.07 BEN t aCB-D.11 2023-50740 aBenedictus Poegoeh Soedjitod1959-ePengarang10aTeknik konstruksi dan perumahan :belemen pelaksanaan pekerjaan konstruksi dan perumahan SMK/MAK kelas XI /cBenedictus Poegoeh Soedjito, Hieronymus Budi Santoso; penyunting, Yulia Fransisca A. axvi, 176 halaman :bgambar, bagan, tabel ;c25 cm 4aTeknik bangunan--xStudi dan pengajaran0 aHieronymus Budi SantosoePengarang0 aYulia Fransisca A.ePenyunting aYOPDYOG31aYogyakarta :bAndi,c2023 2rdacontentateks 2rdamediaatanpa perantara 2rdacarrieravolume aCB-D.11/2023-5074 aEdisi I aBibliografi: halaman 165 aCB-D.11/2023-5074